000 00916nam a2200217 a 4500
003 0
005 20250210154755.0
008 130126s19uu xx 00 eng d
050 _aPHS PN 1995.9.P6
_b.D155 2012
100 _aDamasco, Ida Bianca.
245 _aThe ideologies portrayed in selected films in the martial law era :
_bthe importance of film portraying the actual events of the Philippine society /
_cIda Bianca Damasco.
260 _aLas PiƱas City, Philippines :
_bSouthville International School and Colleges,
_c2012.
300 _a23 pages :
_billustrations ;
_c28 cm.
504 _aIncludes bibliographical references.
650 _aMotion pictures
_xPhilippines.
650 _aPolitical films
_zPhilippines.
650 _aFilm and society
_zPhilippines.
650 _aPropaganda in motion pictures
_zPhilippines.
651 _aPhilippines
_xPolitics and government
_x1973-1986.
942 _2lcc
_cPASS
999 _c98857
_d98857